[Event "Quebec op"]
[Site "Quebec"]
[Date "2017.08.15"]
[Round "5"]
[White "Durette, Francis"]
[Black "Larochelle, Martial"]
[Result "1-0"]
[WhiteElo "1971"]
[BlackElo "2063"]
[PlyCount "39"]
[EventDate "2017.08.12"]
[EventType "swiss"]
[EventRounds "9"]
[EventCountry "CAN"]
[SourceTitle "CBM 180 Extra"]
[Source "ChessBase"]
[SourceDate "2017.10.06"]
[SourceVersion "1"]
[SourceVersionDate "2017.10.06"]
[SourceQuality "1"]

1. c4 e5 2. Nc3 Bb4 3. g3 Bxc3 4. dxc3 d6 5. Bg2 Qe7 6. e4 Nc6 7. Be3 Nf6 8. h3 0-0 9. Ne2 Be6 10. b3 Nd7 11. g4 Qd8 12. Ng3 a6 13. Qe2 Rb8 14. Rd1 Qc8 15. Nf5 b5 16. cxb5 axb5 17. h4 Nc5 18. h5 Re8 19. Qd2 Ne7 20. Nxg7 1-0

[Event "Laval op"]
[Site "Laval"]
[Date "2017.06.24"]
[Round "3"]
[White "Sprumont, Oscar"]
[Black "Larochelle, Martial"]
[Result "1-0"]
[WhiteElo "2034"]
[BlackElo "2069"]
[PlyCount "47"]
[EventDate "2017.06.23"]
[EventType "swiss"]
[EventRounds "5"]
[EventCountry "CAN"]
[SourceTitle "CBM 179 Extra"]
[Source "ChessBase"]
[SourceDate "2017.08.23"]
[SourceVersion "1"]
[SourceVersionDate "2017.08.23"]
[SourceQuality "1"]

1. Nf3 d5 2. c4 d4 3. b4 Nf6 4. Bb2 c5 5. e3 dxe3 6. fxe3 cxb4 7. d4 e6 8. Bd3 Nc6 9. Nbd2 Be7 10. 0-0 0-0 11. Qc2 Qc7 12. Kh1 h6 13. e4 e5 14. d5 Nd4 15. Nxd4 exd4 16. Nf3 Bc5 17. Rae1 Ng4 18. Qd2 Re8 19. Re2 Ne5 20. Nxd4 b6 21. Re3 Bd7 22. Rg3 Qd6 23. Nf3 Ng6 24. e5 1-0

[Event "Montreal Pere Noel op"]
[Site "Montreal"]
[Date "2016.12.27"]
[Round "2"]
[White "Larochelle, Martial"]
[Black "Zhu, Hong Rui"]
[Result "0-1"]
[WhiteElo "2069"]
[BlackElo "2293"]
[PlyCount "132"]
[EventDate "2016.12.26"]
[EventType "swiss"]
[EventRounds "5"]
[EventCountry "CAN"]
[SourceTitle "CBM 176 Extra"]
[Source "ChessBase"]
[SourceDate "2017.03.02"]
[SourceVersion "1"]
[SourceVersionDate "2017.03.02"]
[SourceQuality "1"]

1. d4 d5 2. Bf4 Nf6 3. e3 c5 4. c3 Nc6 5. Nd2 Bf5 6. Ngf3 e6 7. Nh4 Bg4 8. Be2 Bxe2 9. Qxe2 Be7 10. h3 0-0 11. Nhf3 cxd4 12. exd4 Qa5 13. 0-0 b5 14. a3 Qb6 15. Ne5 Nxe5 16. Bxe5 a5 17. Qd3 b4 18. cxb4 axb4 19. a4 Rfc8 20. Rfe1 Nd7 21. Nf3 Rc4 22. Qe3 b3 23. a5 Rxa5 24. Rxa5 Qxa5 25. Qxb3 Qb4 26. Re3 h6 27. Qxb4 Bxb4 28. b3 Rc1+ 29. Kh2 Rc2 30. Bg3 Rb2 31. Kg1 Rb1+ 32. Kh2 Kf8 33. Ne5 Nxe5 34. Bxe5 Rd1 35. Kg3 f6 36. Bb8 Kf7 37. Ba7 Bd2 38. Rf3 Bc1 39. b4 Bb2 40. b5 Bxd4 41. Bxd4 Rxd4 42. Rb3 Rc4 43. b6 Rc8 44. b7 Rb8 45. f4 Ke7 46. Kf3 Kd6 47. Rb6+ Kc5 48. Rxe6 Rxb7 49. f5 Kd4 50. Kg4 Kd3 51. Rd6 d4 52. Kf3 Re7 53. g3 Kc3 54. Rc6+ Kd2 55. Rd6 d3 56. h4 Kc2 57. Rc6+ Kd1 58. Kf2 Re2+ 59. Kf1 Re5 60. g4 Re4 61. Kf2 Rxg4 62. Ke3 d2 63. Rd6 Ke1 64. Rxd2 Rg3+ 65. Kf4 Kxd2 66. Kxg3 h5 0-1

[Event "Montreal Varennes op"]
[Site "Montreal"]
[Date "2016.10.07"]
[Round "1"]
[White "Larochelle, Martial"]
[Black "Lin, Benjamin"]
[Result "0-1"]
[WhiteElo "2088"]
[BlackElo "1755"]
[PlyCount "56"]
[EventDate "2016.10.07"]
[EventType "swiss"]
[EventRounds "5"]
[EventCountry "CAN"]
[SourceTitle "CBM 175 Extra"]
[Source "ChessBase"]
[SourceDate "2016.12.12"]
[SourceVersion "1"]
[SourceVersionDate "2016.12.12"]
[SourceQuality "1"]

1. e4 c5 2. Nf3 e6 3. d4 cxd4 4. Nxd4 Nc6 5. Nc3 Qc7 6. Be3 a6 7. Qd2 Nf6 8. f3 Be7 9. 0-0-0 b5 10. g4 Na5 11. g5 Nh5 12. Qf2 Rb8 13. Kb1 Nc4 14. Bc1 Bb4 15. Nce2 Bb7 16. Ng3 Nxg3 17. hxg3 Bd6 18. Rh3 Rc8 19. Qh2 Be5 20. b3 Nb6 21. Ba3 Bxd4 22. Rxd4 Qc3 23. Rd3 Qe1+ 24. Kb2 b4 25. Rxh7 bxa3+ 26. Kxa3 Qc1+ 27. Kb4 Rxh7 28. Qxh7 Qxc2 0-1

[Event "Quebec-ch op"]
[Site "Montreal"]
[Date "2016.07.26"]
[Round "5"]
[White "Larochelle, Martial"]
[Black "Gauthier, Denis"]
[Result "1/2-1/2"]
[WhiteElo "2112"]
[BlackElo "1832"]
[PlyCount "120"]
[EventDate "2016.07.23"]
[EventType "swiss"]
[EventRounds "8"]
[EventCountry "CAN"]
[SourceTitle "CBM 173 Extra"]
[Source "ChessBase"]
[SourceDate "2016.08.29"]
[SourceVersion "1"]
[SourceVersionDate "2016.08.29"]
[SourceQuality "1"]

1. d4 Nf6 2. c4 e6 3. Nc3 Bb4 4. e3 0-0 5. Nge2 d5 6. a3 Be7 7. cxd5 exd5 8. Nf4 Re8 9. Bd3 c6 10. 0-0 Nbd7 11. f3 Nf8 12. Bc2 Ne6 13. e4 dxe4 14. Nxe6 Bxe6 15. fxe4 Bg4 16. Qd3 Bh5 17. e5 Bg6 18. Qd2 Nd5 19. Bb3 Nc7 20. Qf2 Qd7 21. Bxf7+ Bxf7 22. Qxf7+ Kh8 23. Be3 Rf8 24. Qc4 b5 25. Qe2 a5 26. Rad1 b4 27. axb4 axb4 28. Rxf8+ Rxf8 29. Ne4 Qf5 30. Ng3 Qe6 31. Rc1 Nd5 32. Bd2 h6 33. Qe4 Bd8 34. h3 Bb6 35. Kh2 Rf2 36. Rf1 Rxf1 37. Nxf1 Qf7 38. Kg1 Qh5 39. e6 Nf6 40. Qf4 Nd5 41. Qe4 Nf6 42. Qf4 Nd5 43. Qf8+ Kh7 44. e7 Bxd4+ 45. Kh1 Nf6 46. Qc8 c5 47. Be3 Qe8 48. Qf5+ Qg6 49. Qf3 Qe8 50. Bxd4 cxd4 51. Qd3+ Kg8 52. Qc4+ Qf7 53. Qxb4 d3 54. Qd4 Qxe7 55. Qxd3 Qe1 56. Kg1 Ne4 57. Qe3 Qb4 58. b3 Kh8 59. Ng3 Nc5 60. Nf5 Nxb3 1/2-1/2

[Event "Trois-Rivieres Mauricie op"]
[Site "Trois Rivieres"]
[Date "2016.03.18"]
[Round "1"]
[White "Pepin, Christian"]
[Black "Larochelle, Martial"]
[Result "0-1"]
[WhiteElo "1985"]
[BlackElo "2194"]
[PlyCount "70"]
[EventDate "2016.03.18"]
[EventType "swiss"]
[EventRounds "5"]
[EventCountry "CAN"]
[SourceTitle "EXT 2022"]
[Source "ChessBase"]
[SourceDate "2021.10.06"]
[SourceVersion "1"]
[SourceVersionDate "2021.10.06"]
[SourceQuality "1"]

1. e4 e5 2. Nf3 Nc6 3. Bb5 a6 4. Ba4 Nf6 5. d3 d6 6. h3 Be7 7. c3 0-0 8. 0-0 b5 9. Bc2 d5 10. Bg5 h6 11. Bh4 Re8 12. Nbd2 dxe4 13. dxe4 Be6 14. Bb3 Bxb3 15. axb3 Nh5 16. Bxe7 Qxe7 17. g3 Qf6 18. Qe2 Ne7 19. Nh2 Qg6 20. Ndf3 Nf4 21. Qe3 Nxh3+ 22. Kg2 Ng5 23. Nxe5 Qxe4+ 24. Qxe4 Nxe4 25. Rfe1 Nc5 26. b4 Na4 27. Nd3 Nd5 28. Rxe8+ Rxe8 29. Nc5 Nxb2 30. Rxa6 Nxc3 31. Rc6 Nd5 32. Na6 Nd3 33. Nxc7 Nxc7 34. Rxc7 Re2 35. Rb7 Rxf2+ 0-1

[Event "Quebec Carnaval"]
[Site "Quebec"]
[Date "2016.02.21"]
[Round "5"]
[White "Caire, Francois"]
[Black "Larochelle, Martial"]
[Result "1/2-1/2"]
[WhiteElo "2243"]
[BlackElo "2099"]
[PlyCount "107"]
[EventDate "2016.02.19"]
[EventType "swiss"]
[EventRounds "5"]
[EventCountry "CAN"]
[SourceTitle "EXT 2022"]
[Source "ChessBase"]
[SourceDate "2021.10.06"]
[SourceVersion "1"]
[SourceVersionDate "2021.10.06"]
[SourceQuality "1"]

1. d4 Nf6 2. c4 e6 3. Nf3 Bb4+ 4. Bd2 Qe7 5. g3 Nc6 6. Bg2 Bxd2+ 7. Nbxd2 d6 8. 0-0 0-0 9. e4 e5 10. d5 Nb8 11. Ne1 c6 12. Nd3 Na6 13. a3 cxd5 14. cxd5 Bd7 15. b4 Bb5 16. Qb3 Qd7 17. Rfc1 Ng4 18. Nb2 Qe7 19. f3 Nh6 20. a4 Bd7 21. Nd3 Rac8 22. b5 Nc5 23. Nxc5 Rxc5 24. Rxc5 dxc5 25. b6 a6 26. Rc1 Rc8 27. Bf1 Qg5 28. Rc2 f5 29. a5 Rf8 30. Qc3 f4 31. Kg2 Qh5 32. gxf4 Rxf4 33. Qxc5 Bh3+ 34. Kg1 Bxf1 35. Qc8+ Rf8 36. Qe6+ Nf7 37. Nxf1 Qxf3 38. Rc8 g6 39. Rxf8+ Kxf8 40. Qc8+ Kg7 41. Qxb7 Kh6 42. Qc8 Ng5 43. b7 Nxe4 44. Qc2 Ng5 45. Qd2 Qg4+ 46. Ng3 Kg7 47. Qxg5 Qxg5 48. b8Q Qe3+ 49. Kf1 Qc1+ 50. Kf2 Qc5+ 51. Ke2 Qc2+ 52. Ke3 Qc3+ 53. Ke2 Qc2+ 54. Ke3 1/2-1/2

[Event "Pere Noel op"]
[Site "Montreal"]
[Date "2015.12.26"]
[Round "1.10"]
[White "Steinberg, Ellis"]
[Black "Larochelle, Martial"]
[Result "0-1"]
[WhiteElo "1828"]
[BlackElo "2112"]
[PlyCount "54"]
[EventDate "2015.12.26"]
[EventType "swiss"]
[EventRounds "5"]
[EventCountry "CAN"]
[SourceTitle "EXT 2019"]
[Source "ChessBase"]
[SourceDate "2018.10.10"]
[SourceVersion "1"]
[SourceVersionDate "2018.10.10"]
[SourceQuality "1"]

1. e4 e5 2. Nf3 Nc6 3. Bb5 a6 4. Ba4 Nf6 5. 0-0 Be7 6. Re1 b5 7. Bb3 d6 8. c3 0-0 9. h3 Nb8 10. d4 Nbd7 11. Nbd2 Bb7 12. Bc2 Re8 13. Nf1 Bf8 14. Ng3 g6 15. b3 Bg7 16. d5 Rc8 17. a4 c6 18. c4 bxc4 19. bxc4 Qc7 20. Bd3 Nc5 21. a5 cxd5 22. cxd5 Nxd5 23. exd5 e4 24. Ra3 Nxd3 25. Rxe4 Rxe4 26. Nxe4 Nxc1 27. Nd4 Bxd4 0-1

[Event "Montreal Varennes op"]
[Site "Montreal"]
[Date "2015.11.08"]
[Round "2.9"]
[White "Giroux, Robert"]
[Black "Larochelle, Martial"]
[Result "1/2-1/2"]
[WhiteElo "2015"]
[BlackElo "2112"]
[PlyCount "50"]
[EventDate "2015.11.07"]
[EventType "swiss"]
[EventRounds "5"]
[EventCountry "CAN"]
[SourceTitle "EXT 2019"]
[Source "ChessBase"]
[SourceDate "2018.10.10"]
[SourceVersion "1"]
[SourceVersionDate "2018.10.10"]
[SourceQuality "1"]

1. d4 Nf6 2. c4 e6 3. g3 Bb4+ 4. Bd2 a5 5. Bg2 0-0 6. Nf3 Qe7 7. 0-0 Bxd2 8. Qxd2 b6 9. Nc3 Bb7 10. Qc2 d6 11. Rac1 Nbd7 12. Rfe1 Rac8 13. e4 e5 14. Nd5 Nxd5 15. exd5 Rce8 16. Bh3 Bc8 17. Bxd7 Bxd7 18. dxe5 dxe5 19. Nxe5 Bh3 20. Nf3 Qf6 21. Qc3 Qf5 22. Nh4 Qd7 23. Nf3 Qf5 24. Nh4 Qd7 25. Nf3 Qf5 1/2-1/2

[Event "Francophone-ch 3rd"]
[Site "Montreal"]
[Date "2015.07.18"]
[Round "3"]
[White "Goldner, John"]
[Black "Larochelle, Martial"]
[Result "0-1"]
[WhiteElo "1844"]
[BlackElo "2107"]
[PlyCount "76"]
[EventDate "2015.07.17"]
[EventType "swiss"]
[EventRounds "9"]
[EventCountry "CAN"]
[SourceTitle "EXT 2016"]
[Source "ChessBase"]
[SourceDate "2015.10.08"]
[SourceVersion "1"]
[SourceVersionDate "2015.10.08"]
[SourceQuality "1"]

1. e4 d5 2. exd5 Qxd5 3. Nc3 Qa5 4. d4 Nf6 5. Bd2 c6 6. Nf3 Bf5 7. Bc4 e6 8. a3 Nbd7 9. 0-0 Be7 10. Re1 Qc7 11. Rc1 0-0 12. h3 Nb6 13. Bf1 Rfd8 14. Qe2 a6 15. Nd1 Ne4 16. Ba5 Rd5 17. Bxb6 Qxb6 18. c4 Rdd8 19. Ne3 Bf6 20. Nxf5 exf5 21. c5 Qb3 22. Qc4 Qxb2 23. Re2 Qb5 24. Qa2 Qa5 25. Kh2 Nc3 26. Qd2 Qc7+ 27. Kg1 Nxe2+ 28. Bxe2 Rd7 29. Qb4 Re8 30. Bd3 g6 31. a4 Qf4 32. Rc4 Re4 33. Bxe4 fxe4 34. Nh2 e3 35. Ng4 exf2+ 36. Kf1 Re7 37. Nxf6+ Kg7 38. Nh5+ gxh5 0-1

[Event "Francophone-ch 3rd"]
[Site "Montreal"]
[Date "2015.07.18"]
[Round "2"]
[White "Larochelle, Martial"]
[Black "Hansen, Eric"]
[Result "0-1"]
[WhiteElo "2107"]
[BlackElo "2583"]
[PlyCount "88"]
[EventDate "2015.07.17"]
[EventType "swiss"]
[EventRounds "9"]
[EventCountry "CAN"]
[SourceTitle "EXT 2016"]
[Source "ChessBase"]
[SourceDate "2015.10.08"]
[SourceVersion "1"]
[SourceVersionDate "2015.10.08"]
[SourceQuality "1"]

1. e4 c5 2. Nf3 e6 3. g3 d6 4. Bg2 Nc6 5. 0-0 Nf6 6. Re1 Nd7 7. d4 cxd4 8. Nxd4 Be7 9. Nc3 0-0 10. Be3 a6 11. Nxc6 bxc6 12. Na4 Rb8 13. c4 c5 14. b3 Qc7 15. Qd2 Bb7 16. Rad1 Rfe8 17. Bf4 Ne5 18. Nc3 Rbd8 19. Qc1 Nc6 20. Ne2 h6 21. Qd2 Bf8 22. h4 Qc8 23. Nc3 Ne5 24. Qc1 Be7 25. Re2 Nc6 26. Red2 Qc7 27. Ne2 Bc8 28. Kh2 Rd7 29. Ng1 Nd4 30. Be3 Bf6 31. Nf3 e5 32. Bxd4 exd4 33. Qc2 Rde7 34. Re2 Bg4 35. Rde1 Qa5 36. Rd2 Qc3 37. Qxc3 dxc3 38. Rxd6 Rxe4 39. Rc1 Re2 40. Rxf6 gxf6 41. Rxc3 Rxf2 42. Ng1 Rxa2 43. Nh3 Ree2 44. Nf4 Reb2 0-1

[Event "Montreal Pere Noel op"]
[Site "Montreal"]
[Date "2014.12.27"]
[Round "2"]
[White "Ouellet, Maili Jade"]
[Black "Larochelle, Martial"]
[Result "1-0"]
[WhiteElo "1945"]
[BlackElo "2173"]
[PlyCount "99"]
[EventDate "2014.12.26"]
[EventType "swiss"]
[EventRounds "5"]
[EventCountry "CAN"]
[SourceTitle "EXT 2016"]
[Source "ChessBase"]
[SourceDate "2015.10.08"]
[SourceVersion "1"]
[SourceVersionDate "2015.10.08"]
[SourceQuality "1"]

1. d4 f5 2. c4 Nf6 3. g3 g6 4. Bg2 Bg7 5. Nf3 d6 6. Nc3 0-0 7. 0-0 Qe8 8. Re1 Qf7 9. Qd3 Ne4 10. Nxe4 fxe4 11. Qxe4 Qxc4 12. Qxe7 Bg4 13. b3 Qc2 14. Be3 Nc6 15. Qh4 Qf5 16. Rad1 Nb4 17. h3 Bxf3 18. Bxf3 d5 19. Qg5 Qxg5 20. Bxg5 Rf5 21. Be7 Nc2 22. Bg4 Nxe1 23. Bxf5 gxf5 24. Rxe1 Re8 25. Bb4 Bxd4 26. Rd1 Bb6 27. Rxd5 Rxe2 28. Rxf5 Rxa2 29. h4 a5 30. Be7 Re2 31. Bg5 Kg7 32. Kf1 Ra2 33. h5 Bd4 34. Be7 Kg8 35. h6 Rxf2+ 36. Rxf2 Bxf2 37. Kxf2 b5 38. Bd8 a4 39. bxa4 bxa4 40. Bxc7 Kf7 41. Be5 Kg6 42. Bg7 Kf5 43. Kf3 Kg5 44. Bf8 Kf5 45. g4+ Kg5 46. Kg3 Kg6 47. Kh4 a3 48. Bxa3 Kxh6 49. Bb2 Kg6 50. Bc1 1-0

[Event "Montreal Pere Noel op"]
[Site "Montreal"]
[Date "2014.12.26"]
[Round "1"]
[White "Larochelle, Martial"]
[Black "Destree, Frederic"]
[Result "1-0"]
[WhiteElo "2173"]
[BlackElo "1879"]
[PlyCount "47"]
[EventDate "2014.12.26"]
[EventType "swiss"]
[EventRounds "5"]
[EventCountry "CAN"]
[SourceTitle "EXT 2016"]
[Source "ChessBase"]
[SourceDate "2015.10.08"]
[SourceVersion "1"]
[SourceVersionDate "2015.10.08"]
[SourceQuality "1"]

1. d4 Nf6 2. c4 g6 3. Nc3 Bg7 4. e4 d6 5. Be2 0-0 6. Bg5 h6 7. Bf4 c5 8. d5 e6 9. dxe6 Bxe6 10. Qd2 Kh7 11. Nf3 Nc6 12. 0-0 Qa5 13. h3 Rfd8 14. Rad1 Qb4 15. Qc2 Bxc4 16. Bxd6 Bxe2 17. Qxe2 Nxe4 18. Nxe4 Re8 19. Nfg5+ hxg5 20. Nxg5+ Kg8 21. Qf3 Qxb2 22. Qxf7+ Kh8 23. Qxg6 Kg8 24. Qh7# 1-0

[Event "Canadian op U2400"]
[Site "Montreal"]
[Date "2014.07.20"]
[Round "3"]
[White "Dorrance, Adam"]
[Black "Larochelle, Martial"]
[Result "1-0"]
[WhiteElo "2018"]
[BlackElo "2133"]
[PlyCount "85"]
[EventDate "2014.07.19"]
[EventType "swiss"]
[EventRounds "9"]
[EventCountry "CAN"]
[SourceTitle "EXT 2022"]
[Source "ChessBase"]
[SourceDate "2021.10.06"]
[SourceVersion "1"]
[SourceVersionDate "2021.10.06"]
[SourceQuality "1"]

1. d4 f5 2. Nf3 Nf6 3. g3 g6 4. Bg2 Bg7 5. 0-0 0-0 6. c4 d6 7. Nc3 Qe8 8. d5 a5 9. Rb1 Na6 10. Be3 Bd7 11. Qc1 c6 12. Bh6 Nc5 13. Bxg7 Kxg7 14. Nd4 e5 15. dxe6 Bxe6 16. b3 Bg8 17. Rd1 Nce4 18. Na4 d5 19. c5 Nd7 20. b4 axb4 21. Rxb4 Rf7 22. Qb2 Nef6 23. Nb6 Ra7 24. Nxd7 Rxd7 25. Bh3 Be6 26. Rd3 Re7 27. g4 fxg4 28. Nxe6+ Rxe6 29. Bxg4 Re7 30. Rf3 Rf7 31. Re3 Qf8 32. Be6 Re7 33. Rf4 Re8 34. Qb6 Rxa2 35. Qxb7+ Re7 36. Qxc6 Qb8 37. Qd6 Qxd6 38. cxd6 Re8 39. d7 Rd8 40. Ref3 Ne4 41. Rf7+ Kh6 42. Rh3+ Kg5 43. f4# 1-0

[Event "Mauricie op"]
[Site "Trois Rivieres "]
[Date "2014.03.16"]
[Round "4"]
[White "Lebeau, Gilbert"]
[Black "Larochelle, Martial"]
[Result "0-1"]
[WhiteElo "2020"]
[BlackElo "2178"]
[PlyCount "62"]
[EventDate "2014.03.14"]
[EventType "swiss"]
[EventRounds "5"]
[EventCountry "CAN"]
[SourceTitle "EXT 2015"]
[Source "ChessBase"]
[SourceDate "2014.11.20"]
[SourceVersion "1"]
[SourceVersionDate "2014.11.20"]
[SourceQuality "1"]

1. d4 Nf6 2. Nf3 g6 3. c4 Bg7 4. Nc3 d5 5. cxd5 Nxd5 6. e4 Nxc3 7. bxc3 c5 8. Be3 Qa5 9. Qd2 Nc6 10. Rb1 a6 11. Be2 0-0 12. 0-0 cxd4 13. Nxd4 Nxd4 14. Bxd4 Bxd4 15. Qxd4 b5 16. Rb2 Be6 17. f4 Rad8 18. Qe3 Rc8 19. f5 Rxc3 20. Qh6 Qb6+ 21. Kh1 Bc4 22. e5 Qe3 23. Qxe3 Rxe3 24. Bxc4 bxc4 25. Rc2 Rxe5 26. fxg6 fxg6 27. Rfc1 Rc8 28. Rc3 Re2 29. a3 Rc5 30. h3 Ra2 31. Re1 Kf7 0-1

[Event "Mauricie op"]
[Site "Trois Rivieres "]
[Date "2014.03.15"]
[Round "2"]
[White "Sambuev, Bator"]
[Black "Larochelle, Martial"]
[Result "1-0"]
[WhiteElo "2597"]
[BlackElo "2178"]
[PlyCount "73"]
[EventDate "2014.03.14"]
[EventType "swiss"]
[EventRounds "5"]
[EventCountry "CAN"]
[SourceTitle "EXT 2015"]
[Source "ChessBase"]
[SourceDate "2014.11.20"]
[SourceVersion "1"]
[SourceVersionDate "2014.11.20"]
[SourceQuality "1"]

1. d4 Nf6 2. c4 g6 3. Nc3 d5 4. cxd5 Nxd5 5. e4 Nxc3 6. bxc3 Bg7 7. Bc4 c5 8. Ne2 0-0 9. 0-0 Nc6 10. Be3 Qc7 11. Rc1 b6 12. h4 Bb7 13. h5 Na5 14. Bd3 Rad8 15. Qe1 e5 16. hxg6 hxg6 17. f4 exf4 18. Nxf4 Qe7 19. e5 cxd4 20. cxd4 Bd5 21. Qg3 Bxa2 22. Nxg6 fxg6 23. Qxg6 Qh4 24. e6 Bxe6 25. Qxe6+ Kh8 26. Rxf8+ Rxf8 27. Rf1 Rxf1+ 28. Bxf1 Qd8 29. d5 Nb7 30. Bd3 Nc5 31. Qh3+ Kg8 32. Bc4 Qd6 33. Qc8+ Kf7 34. Qf5+ Bf6 35. Bf4 Qd8 36. d6+ Kg7 37. Qg4+ 1-0

[Event "Montreal Pere Noel op"]
[Site "Montreal"]
[Date "2013.12.30"]
[Round "5"]
[White "Larochelle, Martial"]
[Black "Tremblay, Alain"]
[Result "1/2-1/2"]
[WhiteElo "2210"]
[BlackElo "2084"]
[PlyCount "50"]
[EventDate "2013.12.26"]
[EventType "swiss"]
[EventRounds "5"]
[EventCountry "CAN"]
[SourceTitle "CBM 158 Extra"]
[Source "ChessBase"]
[SourceDate "2014.02.28"]
[SourceVersion "1"]
[SourceVersionDate "2014.02.28"]
[SourceQuality "1"]

1. d4 e6 2. c4 f5 3. Nc3 Nf6 4. e3 Be7 5. Bd3 0-0 6. Nge2 d6 7. Qc2 Kh8 8. 0-0 a5 9. a3 Na6 10. Rb1 c5 11. b3 Bd7 12. Bb2 Qe8 13. e4 cxd4 14. Nxd4 f4 15. e5 dxe5 16. Nf3 Bc6 17. Ne4 Nc5 18. Nxc5 Bxc5 19. Bxe5 Bxf3 20. gxf3 Qh5 21. Bxf4 Qxf3 22. Bg3 Bxa3 23. Rbe1 Rae8 24. Re3 Qc6 25. Rfe1 Bb4 1/2-1/2

[Event "Montreal Pere Noel op"]
[Site "Montreal"]
[Date "2013.12.28"]
[Round "3"]
[White "Larochelle, Martial"]
[Black "Lawson, Eric"]
[Result "0-1"]
[WhiteElo "2210"]
[BlackElo "2381"]
[PlyCount "38"]
[EventDate "2013.12.26"]
[EventType "swiss"]
[EventRounds "5"]
[EventCountry "CAN"]
[SourceTitle "CBM 158 Extra"]
[Source "ChessBase"]
[SourceDate "2014.02.28"]
[SourceVersion "1"]
[SourceVersionDate "2014.02.28"]
[SourceQuality "1"]

1. c4 e5 2. g3 h5 3. Bg2 h4 4. Nc3 Nc6 5. Nf3 h3 6. Bf1 Nf6 7. d4 exd4 8. Nxd4 Bc5 9. Nxc6 bxc6 10. Qd3 Qe7 11. Bf4 Ba6 12. b3 d5 13. Bd2 Rd8 14. 0-0-0 Ng4 15. Be1 Bxf2 16. Qf3 Bxe1 17. Rxe1 Ne5 18. Qf2 Qa3+ 19. Kc2 d4 0-1

[Event "Montreal Pere Noel op"]
[Site "Montreal"]
[Date "2013.12.26"]
[Round "1"]
[White "Larochelle, Martial"]
[Black "Gueorguiev, Valentin"]
[Result "1/2-1/2"]
[WhiteElo "2210"]
[BlackElo "1848"]
[PlyCount "87"]
[EventDate "2013.12.26"]
[EventType "swiss"]
[EventRounds "5"]
[EventCountry "CAN"]
[SourceTitle "CBM 158 Extra"]
[Source "ChessBase"]
[SourceDate "2014.02.28"]
[SourceVersion "1"]
[SourceVersionDate "2014.02.28"]
[SourceQuality "1"]

1. d4 g6 2. e4 Bg7 3. Nf3 c5 4. dxc5 Qa5+ 5. c3 Qxc5 6. Na3 Nc6 7. Nc4 Nf6 8. Be3 Qh5 9. Be2 Ng4 10. Bf4 Qc5 11. 0-0 Nce5 12. Nfxe5 Nxe5 13. Nxe5 Bxe5 14. Bxe5 Qxe5 15. Qd4 Qxd4 16. cxd4 d6 17. Rfc1 Bd7 18. Rc3 Rc8 19. Rxc8+ Bxc8 20. Bb5+ Bd7 21. Rc1 Kd8 22. Bxd7 Kxd7 23. Kf1 h5 24. Ke2 Rc8 25. Rxc8 Kxc8 26. Ke3 Kd7 27. h4 f6 28. Kd3 e6 29. f4 f5 30. exf5 gxf5 31. Kc4 Kc6 32. d5+ exd5+ 33. Kd4 a5 34. a4 Kd7 35. Kxd5 Ke7 36. Kc4 Ke6 37. Kd4 d5 38. Kc5 b6+ 39. Kb5 Kd6 40. b3 Ke6 41. b4 axb4 42. Kxb4 Kd6 43. Kb5 Ke6 44. Kb4 1/2-1/2

[Event "Gatineau TORO"]
[Site "Gatineau"]
[Date "2013.06.09"]
[Round "5"]
[White "Larochelle, Martial"]
[Black "De Kerpel, Stijn"]
[Result "1-0"]
[WhiteElo "2186"]
[BlackElo "2048"]
[PlyCount "117"]
[EventDate "2013.06.07"]
[EventType "swiss"]
[EventRounds "5"]
[EventCountry "CAN"]
[SourceTitle "EXT 2022"]
[Source "ChessBase"]
[SourceDate "2021.10.06"]
[SourceVersion "1"]
[SourceVersionDate "2021.10.06"]
[SourceQuality "1"]

1. d4 g6 2. e4 Bg7 3. c4 d6 4. Nc3 e5 5. Nge2 Nc6 6. Be3 Nge7 7. d5 Nb8 8. Qd2 0-0 9. 0-0-0 f5 10. f3 Nd7 11. Kb1 Nf6 12. h3 a6 13. g4 fxe4 14. fxe4 b5 15. cxb5 axb5 16. Ng3 b4 17. Nb5 Bd7 18. Qxb4 Qb8 19. Qc4 Rc8 20. Rc1 Ne8 21. Bd3 Kh8 22. Nc3 c6 23. dxc6 Bxc6 24. Qe6 Qb7 25. Rh2 d5 26. Bc5 dxe4 27. Bc4 Nf6 28. Bxe7 Re8 29. Bxf6 Rxe6 30. Bxg7+ Kxg7 31. Bxe6 Rf8 32. Re2 Qa6 33. Rd2 e3 34. Rd6 Qa8 35. Bd5 Bxd5 36. Nxd5 Qa5 37. Nxe3 Rf3 38. Ngf1 Qb5 39. a3 Rxh3 40. Rd5 Qb8 41. g5 Rf3 42. Ng4 Rf7 43. Nxe5 Rb7 44. Nc4 Qf4 45. Nfe3 Re7 46. Rcd1 h6 47. gxh6+ Kxh6 48. Rh1+ Kg7 49. Rg1 Kh7 50. Rdg5 Re6 51. Ka1 Qe4 52. R5g4 Qc6 53. Rh4+ Kg8 54. Rg5 Kg7 55. Rhg4 Kh7 56. Nd5 Qd7 57. Ka2 Qb7 58. Nf4 Re4 59. Rh4+ 1-0

[Event "Gatineau TORO"]
[Site "Gatineau"]
[Date "2013.06.08"]
[Round "3"]
[White "Forget, David"]
[Black "Larochelle, Martial"]
[Result "0-1"]
[WhiteElo "1794"]
[BlackElo "2186"]
[PlyCount "50"]
[EventDate "2013.06.07"]
[EventType "swiss"]
[EventRounds "5"]
[EventCountry "CAN"]
[SourceTitle "EXT 2022"]
[Source "ChessBase"]
[SourceDate "2021.10.06"]
[SourceVersion "1"]
[SourceVersionDate "2021.10.06"]
[SourceQuality "1"]

1. d4 Nf6 2. c4 g6 3. Nc3 d5 4. Bf4 Bg7 5. e3 c5 6. dxc5 Qa5 7. Qa4+ Qxa4 8. Nxa4 Bd7 9. Nc3 Na6 10. cxd5 Nxc5 11. Nf3 0-0 12. Be2 Na4 13. Nxa4 Bxa4 14. 0-0 Nxd5 15. Be5 Rfc8 16. Bxg7 Kxg7 17. Rac1 Kf6 18. Nd2 e6 19. Bf3 Bc6 20. Rfd1 Ke7 21. Kf1 Rd8 22. Ke1 Nb4 23. Bxc6 Nd3+ 24. Ke2 Nxc1+ 25. Rxc1 Rac8 0-1

[Event "Mauricie op"]
[Site "Trois Rivieres "]
[Date "2013.03.17"]
[Round "4"]
[White "Larochelle, Martial"]
[Black "Poulin, Mathieu"]
[Result "1/2-1/2"]
[WhiteElo "2199"]
[BlackElo "2002"]
[PlyCount "59"]
[EventDate "2013.03.15"]
[EventType "swiss"]
[EventRounds "5"]
[EventCountry "CAN"]
[SourceTitle "EXT 2014"]
[Source "ChessBase"]
[SourceDate "2013.11.20"]
[SourceVersion "1"]
[SourceVersionDate "2013.11.20"]
[SourceQuality "1"]

1. d4 d5 2. c4 e6 3. Nc3 Nf6 4. cxd5 exd5 5. Bg5 Be7 6. e3 c6 7. Qc2 0-0 8. Bd3 Nbd7 9. Nf3 Re8 10. 0-0 Nf8 11. h3 g6 12. Bxf6 Bxf6 13. b4 Ne6 14. b5 c5 15. dxc5 Nxc5 16. Rad1 Nxd3 17. Qxd3 Bf5 18. Qd2 Bxc3 19. Qxc3 Rc8 20. Qd4 Be4 21. Nd2 Qb6 22. Qxb6 axb6 23. Nxe4 dxe4 24. Rd6 Ra8 25. Rxb6 Re7 26. Rc1 Rxa2 27. Rd6 Re5 28. Rb6 Rf5 29. Rf1 Rb2 30. Rxb7 1/2-1/2